000 00889nam a2200217Ia 4500
001 2988
003 GE_BSU
008 181216s||||||||xx |||||||||||||| ||und||
040 _cGE_BSU
080 _a661.7
100 _aЛебедев,Н.Н. Манаков,М.Н. Швец,В.Ф.
245 _aТеория химических процесов основного органического и нефтехимического синтеза.
245 _cРед.Н.И.Урывалова,И.А.Захарьянц. Под. ред. Н.Н.Лебедева.
250 _aИзд. 2-е, перераб.
260 _aМ.
260 _bХимия.
260 _c1984.
300 _a376 стр. илл. 21 см.
653 _aТеория химических процесов основного органического и нефтехимического синтеза.
942 _cBK
999 _c37034
_d37034